00708nam a22002177a 4500003000400000005001700004008004100021020001800062040000900080100002400089245011000113260002600223300001100249490001500260650003500275650003500310650002300345942001300368999001500381952009400396OSt20130531133145.0130531s2007 sp ||||| |||| 00| 0 cat d a9788497795876 cCDMR1 91892aDuran, Xavier10aFranquisme via satèl·litb: [Sputnik, Apollo i la guerra freda a la premsa de Barcelona]cXavier Duran aLleidabPagèsc2007 a191 p.0 aRetallsv80491509aPremsazBarcelonayS. XX0493312aFranquismexInfluència0493626aGuerra freda 2udccMON c6379d6379 00104070aCDMRbCDMRd2013-01-16l0oDu 7/33pCDMR13056588r2013-05-31w2013-05-31yMON